Guess The Country (My Edition Part 9) - Statistics

General Stats
  • This quiz has been taken 3 times
  • The average score is 22 of 27
Answer Stats
Picture Answer % Correct
Bhutan
100%
Cambodia
100%
Fiji
100%
Indonesia
100%
Kiribati
100%
Malaysia
100%
Micronesia
100%
New Zealand
100%
Palau
100%
Samoa
100%
Singapore
100%
Sri Lanka
100%
Tonga
100%
Bangladesh
67%
Brunei
67%
East Timor
67%
Laos
67%
Maldives
67%
Marshall Islands
67%
Nauru
67%
Papau New Guinea
67%
Phillipines
67%
Solomon Islands
67%
Tuvalu
67%
Vanuatu
67%
Vietnam
67%
Myanmmar
33%
No matching quizzes found
Score Distribution
Percent of People with Each Score
Percentile by Number Answered
Your Score History
You have not taken this quiz